|
|
|
|
| LEADER |
01341nam a2200301 a 4500 |
| 001 |
32069 |
| 003 |
BD-DhAAL |
| 005 |
20171108124251.0 |
| 008 |
171106s2014 bg ||||| |||| 00| 0 eng d |
| 999 |
|
|
|c 38273
|d 38273
|
| 020 |
|
|
|a 9789845190671
|
| 040 |
|
|
|a BD-DhAAL
|
| 082 |
|
|
|2 22
|a 315.492
|
| 110 |
|
|
|4 National Government Publication
|a Bangladesh. Bureau of Statistics.
|9 23473
|
| 245 |
|
|
|a Statistical Year Book of Bangladesh 2013
|b Bāṃlādeśa parisaṃkhyāna barshagrantha.
|
| 250 |
|
|
|a Thirty third edition
|
| 260 |
|
|
|a Dhaka, Bangladesh, :
|b Bangladesh Bureau of Statistics, Statistics & Informatic Division(SID), Ministry of Planning,Government of the People's Republic of Bangladesh.
|c 2014.
|
| 300 |
|
|
|a xxx, 556 pages ;
|c 28 cm.
|
| 526 |
|
|
|a AAL
|
| 541 |
|
|
|a Karim International
|e 32069
|
| 650 |
|
|
|a Statistics
|z Bangladesh
|9 23474
|
| 650 |
|
|
|a Economic conditions
|x Statistics
|z Bangladesh
|9 23475
|
| 650 |
|
|
|a Economic history
|9 23476
|
| 710 |
|
|
|a Statistics and Informatics Divison (SID),
|9 23477
|
| 710 |
|
|
|a Ministry of Planning,
|9 23478
|
| 710 |
|
|
|a Government of The Peoples Republic of Bangladesh.
|9 23479
|
| 942 |
|
|
|2 ddc
|c BK
|
| 952 |
|
|
|0 0
|1 0
|2 ddc
|4 0
|6 315_492000000000000_STA
|7 0
|9 61046
|a BRACUL
|b BRACUL
|c GEN
|d 2017-11-06
|e Karim Interrnational
|g 540.00
|l 0
|o 315.492 STA
|p 3010032069
|r 2017-08-27
|t 1
|v 540.00
|w 2017-08-27
|y BK
|